000 01198cam a2200361 4500
999 _c23602
_d23602
001 vtls012060609
005 20240719114629.0
008 210701s2021 xo er 000 f slo
020 _a9788055177359
_q(viazané)
040 _aTTKJF
_bslo
_cTTKJF
_dSNK
_erda
041 1 _aslo
_hswe
044 _axo
_cSK
072 7 _a821.11
_xGermánske literatúry
_2konspekt
080 _a821.113.6-31
_22011
080 _a(0:82-312.4)
_22011
100 1 _aRosenfeldt, Hans,
_d1964-
_4aut
_92533
240 1 0 _aVargasommar
_lSlovensky
245 1 0 _aVlčie leto
_cHans Rosenfeldt ; preložil Jozef Zelizňák
264 1 _aBratislava
_bIkar
_c2021
300 _a367 strán
_c21 cm
336 _atext
_btxt
_2rdacontent
337 _abez média
_bn
_2rdamedia
338 _azväzok
_bnc
_2rdacarrier
500 _aPreložené zo švédčiny
500 _aObsahuje stručné biografické údaje o autorovi na záložke prebalu publikácie
655 7 _ašvédske romány
_2SNKPH
_91715
655 7 _adetektívne romány
_2SNKPH
_91710
655 7 _aSwedish fiction
_2SNKPHeng
_91716
655 7 _aDetective novels
_2SNKPHeng
_91711
700 1 _aZelizňák, Jozef
_4trl
_91717
958 _aLX
958 _aUP